MARC details
| 000 -CABECERA |
| campo de control de longitud fija |
00993nam a2200229 a 4500 |
| 005 - FECHA Y HORA DE LA ÚLTIMA TRANSACCIÓN |
| campo de control |
20210223132745.0 |
| 008 - ELEMENTOS DE LONGITUD FIJA--INFORMACIÓN GENERAL |
| campo de control de longitud fija |
151021s2014 mx r 000 0 spa d |
| 020 ## - NÚMERO INTERNACIONAL NORMALIZADO PARA LIBROS |
| Número Internacional Estándar del Libro |
9786074660647 |
| 035 ## - NÚMERO DE CONTROL DEL SISTEMA |
| Número de control de sistema |
UPN01000206207 |
| 049 ## - COLECCIÓN |
| Colección |
CG |
| 050 #4 - SIGNATURA TOPOGRÁFICA DE LA BIBLIOTECA DEL CONGRESO |
| Número de clasificación |
HD6475 A2 |
| Número de documento/Ítem |
C6.4 |
| 111 2# - ASIENTO PRINCIPAL--NOMBRE DE REUNION |
| Nombre de congreso/reunión o jurisdicción como elemento de entrada |
Coloquio Lombardo, la C.T.A.L. y el Movimiento Sindical en América Latina |
| Fecha del congreso/reunión |
(2013 : |
| Sede del congreso/Lugar de la reunión |
México) |
| 245 10 - MENCIÓN DE TÍTULO |
| Título |
Lombardo, la C.T.A.L. y el movimiento sindical en América Latina : |
| Resto del título |
pasado, presente y porvenir / |
| Mención de responsabilidad, etc. |
ed. Marcela Lombardo. |
| 260 ## - PUBLICACIÓN, DISTRIBUCIÓN, ETC. |
| Lugar de publicación, distribución, etc. |
México : |
| Nombre del editor, distribuidor, etc. |
Centro de Estudios Filosóficos, Políticos y Sociales Vicente Lombardo Toledano. |
| Fecha de publicación, distribución, etc. |
2014. |
| 300 ## - DESCRIPCIÓN FÍSICA |
| Extensión |
204 p. |
| 440 #0 - MENCIÓN DE SERIE/ASIENTO SECUNDARIO--TÍTULO |
| Título |
Estudios sobre la vida y obra de Vicente Lombardo Toledano |
| 600 14 - ASIENTO SECUNDARIO DE MATERIA - NOMBRE PERSONAL |
| Nombre de persona |
LOMBARDO TOLEDANO, VICENTE, |
| Fechas asociadas al nombre |
1894-1968 - |
| Subdivisión general |
PUNTOS DE VISTA POLITICOS Y SOCIALES |
| 9 (RLIN) |
22190 |
| 610 24 - ASIENTO SECUNDARIO DE MATERIA - NOMBRE CORPORATIVO |
| Nombre de entidad corporativa o nombre de jurisdicción como elemento de entrada |
CONFEDERACION DE TRABAJADORES DE AMERICA LATINA - |
| Subdivisión de forma |
CONGRESOS |
| 9 (RLIN) |
24440 |
| 700 1# - ASIENTO SECUNDARIO--NOMBRE DE PERSONAL |
| Nombre de persona |
Lombardo Otero, Marcela, |
| Término indicativo de función/relación |
ed. |
| 905 ## - TIPO DE MATERIAL |
| Tipo de material |
Libro |